000 00764nam a2200229Ia 4500
999 _c4328
_d4328
003 OSt
005 20200316153841.0
008 191128s1964 mx fr 000 0 spa d
040 _aCO-JMCR
_cCO-JMCR
041 0 _aspa
082 0 4 _a170.4 /
_bI46h
100 1 _aIngenieros, Jose,
_eautor
_91588
245 1 3 _aEl hombre mediocre /
_cJose Ingenieros
250 _a8a. edición
260 _aMéxico :
_bEditorial Diana,
_c1964
300 _a246 páginas ;
_c20 cm.
505 0 _aLa emoción del ideal -- De un idealismo fundado en la experiencia -- Los temperamentos idealistas -- El idealismo romántico -- El idealismo estoico
650 1 4 _aHombre Carácter
_91589
650 1 4 _aConducta
_xética
_91590
650 1 4 _aPersonalidad
_91469
942 _2ddc
_cBK